| 000 | 00949nam a2200337Ia 4500 | ||
|---|---|---|---|
| 008 | 160803s9999 xx 000 0 und d | ||
| 020 | _a978-0439661645 | ||
| 100 | _aStilton, Geronimo | ||
| 245 | 4 | _aThe Mona Mousa code / | |
| 245 | _cGeronimo Stilton ; illustrations by Matt Wolf ; English translation by Edizioni Piemme S.p.A. | ||
| 260 | _aNew York : | ||
| 260 | _bScholastic Inc. | ||
| 260 | _c2000 | ||
| 300 | _a112 pages : | ||
| 300 | _bcolor illustrations, maps ; | ||
| 300 | _c20 cm. | ||
| 440 | _aGeronimo Stilton ; | ||
| 440 | _vbk. 15 | ||
| 500 | _aTranslation of: Sorriso di Monna Topisa. | ||
| 650 | _aArt -- | ||
| 650 | _aCiphers -- | ||
| 650 | _aJournalists -- | ||
| 650 | _aMice -- | ||
| 650 | _aStilton, Geronimo (Fictitious character) -- | ||
| 650 | _xFiction. | ||
| 650 | _xFiction. | ||
| 650 | _xFiction. | ||
| 650 | _xJuvenile fiction. | ||
| 650 | _xJuvenile fiction. | ||
| 700 | _a550 | ||
| 999 |
_c298240 _d298240 |
||